Normal view MARC view
  • Huges, Richal and row Michael

Entry Personal Name

Number of records used in: 1

001 - CONTROL NUMBER

  • control field: 2084

003 - CONTROL NUMBER IDENTIFIER

  • control field: OSt

005 - DATE AND TIME OF LATEST TRANSACTION

  • control field: 20160616115037.0

008 - FIXED-LENGTH DATA ELEMENTS

  • fixed length control field: 160616|| aca||aabn | a|a d

040 ## - CATALOGING SOURCE

  • Original cataloging agency: OSt
  • Transcribing agency: OSt

100 ## - HEADING--PERSONAL NAME

  • Personal name: Huges, Richal and row Michael

670 ## - SOURCE DATA FOUND

  • Source citation: Work cat.: (OSt): Huges, Richal and row Michael, The Colouring bronzing and patination of metals, 1991